Nombres castellanizados - Estadísticas

Estadísticas generales
  • Esta prueba ha sido intentada 7 veces
  • La puntuación promedio es 3 de 15
Estadísticas de respuestas
Hint Respuesta % Correcto
San Baudilio del Llobregat Sant Boi de Llobregat
100%
San Cristóbal de Premiá Premià de Mar
29%
El Pla de Besòs Sant Adrià de Besòs
29%
La Rápita de los Alfacs Sant Carles de la Ràpita
29%
El Pino de Llobregat Sant Joan Despí
29%
San Genís de Vilasar Vilassar de Dalt
29%
San Juan de Vilasar Vilassar de Mar
29%
Cabrera del Maresme Cabrera de Mar
14%
Rosas de Llobregat Sant Feliu de Llobregat
14%
Aguastosas de Llobregat Sant Andreu de la Barca
0%
Montagut de Mar Santa Susanna
0%
El Cerezo de Llobregat Sant Climent de Llobregat
0%
Vallalta de Maresme Sant Iscle de Vallalta
0%
Granero del Bages del Caudillo Santpedor
0%
Llavaneres de Montalt Sant Vicenç de Montalt
0%
No se encontraron pruebas coincidentes
Distribución de puntuación
Porcentaje de gente con cada puntuación
Porcentaje por número respondido
Historial de tus puntuaciones
No has intentado esta prueba.